000 00673nam a2200229Ia 4500
003 OSt
005 20220927105323.0
006 a|||||r|||| 00| 0
007 ta
008 220926b |||||||| |||| 00| 0 eng d
024 _a176105
037 _cReference Collections
040 _aRTL
_cRTL
_beng
041 _2eng
_aeng
082 _a"X9(Y):95.2.P, P9"
100 _aMitra Arup
_9371673
245 0 _aImpact of trade on service sector employment in India
260 _aDelhi
_bInstitute of Economic Growth
_c2009
300 _a42p
_ccm.
942 _h"X9(Y):95.2.P, P9"
_cCC
999 _c691819
_d691819